Concordia Canonica Juris Ecclesiastici Civilis Et Hungarici, De Testamentis, et Immunitate Ecclesiastica Desumpta Ex Lib. III. Decretalium Tit. 25. 26. 49. Quam In Alma Archi-Episcopali Universitate Tyrnaviensi Publicè propugnandam suscepit Reverendus, Nobilis, Excellens, ac Doctissimus Dominus Joannes Samko, AA. LL. et Philosophiae Magister, Sacrosanctae Theologiae, et Juris Canonici in secundum annum Auditor Seminarij S. Stephani Regis Hungariae Alumnus ; Die XXVIII. Mensis Julij M. DC. XCVIII.

Bibliographic Details
Main Author: Schretter, Karol, 1644-1718 (Author)
Corporate Author: Akademická tlačiareň (Trnava, Slovensko) (Printer)
Other Authors: Hörmann, Ján Andrej, Samko, Joannes (Dedicator)
Format: Book
Language:Latin
PhysicalDescription:8 nečíslovaných strán, 96 strán, 1 nečíslovaná strana 15 cm
Subjects:

MARC

LEADER 00000cam a2200000 4500
001 vtls008870330
003 SK-MaSNL
005 20260301165755.0
008 251111s1698 xo a f 010 0 lat
015 |a SNBHFA 
035 |a urn:nbn:sk:snk-am00eo2c 
035 |a urn:nbn:sk:snk-am3ilat 
035 |a 3F69291A-187D-4B55-A4D0-DAC8DEFE6ECE 
040 |a SNKHF  |b slo  |c SNKHF  |e rda 
041 0 |a lat 
043 |a e-hu--- 
044 |a xo  |c SK 
072 7 |a 2-74  |x Náboženské právo. Cirkevné právo  |2 konspekt 
080 |a 27-74  |2 2011 
080 |a (043.3)  |2 2011 
100 1 |a Schretter, Karol,  |d 1644-1718  |4 aut  |9 535005 
245 1 0 |a Concordia Canonica Juris Ecclesiastici Civilis Et Hungarici, De Testamentis, et Immunitate Ecclesiastica Desumpta  |b Ex Lib. III. Decretalium Tit. 25. 26. 49. Quam In Alma Archi-Episcopali Universitate Tyrnaviensi Publicè propugnandam suscepit Reverendus, Nobilis, Excellens, ac Doctissimus Dominus Joannes Samko, AA. LL. et Philosophiae Magister, Sacrosanctae Theologiae, et Juris Canonici in secundum annum Auditor Seminarij S. Stephani Regis Hungariae Alumnus ; Die XXVIII. Mensis Julij M. DC. XCVIII.  |c Praeside R. P. Carolo Schretter e Societate Jesu, AA. LL. et Philosophiae Doctore, et Sacrarum Canonum Professore Ordinario 
264 3 |a Tyrnaviae  |b Typis Academicis, per Joannem Andream Hörmann  |c 1698 
300 |a 8 nečíslovaných strán, 96 strán, 1 nečíslovaná strana  |c 15 cm 
336 |a text  |b txt  |2 rdacontent 
337 |a bez média  |b nc  |2 rdamedia 
338 |a zväzok  |b n  |2 rdacarrier 
500 |a Ozdobné linky, ozdobné iniciálky s ornamentálnym pozadím vo voľnom priestore na 3, 4 riadky, typografické ozdoby, zložky, kustody 
508 |a Predslov; dedikácia: Dvornikovits, Michael; Samko Joannes 
510 4 |a Čaplovič  |c II/2416 
546 |a Latinský text  |b Antikva  |b Kurzíva 
562 |a Rukopisné poznámky.  |5 SNK SE 2017 D1 
563 |a Väzba: previazaná, celoplátená.  |5 SNK SE 2017 
563 |a Väzba: pôvodná, celoplátená.  |5 SNK SE 2017 D1 
650 0 7 |a kánonické právo  |2 SNKPH  |9 2222 
651 7 |a Uhorsko  |2 SNKPHgeo  |9 28673 
655 7 |a testamenty  |2 SNKPH  |9 336101 
655 7 |a dizertácie  |2 SNKPH  |9 70277 
700 1 |a Hörmann, Ján Andrej  |9 282834 
700 1 |a Dvornikovits, Michael  |4 pat  |4 hnr  |9 535006 
700 1 |a Samko, Joannes  |4 dto  |9 535007 
710 2 |a Akademická tlačiareň (Trnava, Slovensko)  |4 prt  |9 232890 
752 |a Slovensko  |d Trnava 
852 |a snk  |p SE 2017 ; SE 2017 D1 
958 |a ONDV 
958 |a DC 
999 |c 825439  |d 827369 
952 |a SNK  |b SNK  |y PREZ  |7 0  |p 17A1189520  |o snkSE 2017 D1  |i snkF 2257/76  |8 5  |3 rekatalogizácia  |0 0  |1 0  |4 0  |d 2007-03-14  |l 0  |r 2026-02-24 03:19:23  |w 2026-02-24 
952 |a SNK  |b SNK  |y PREZ  |7 0  |p 17A1319625  |o snkSE 2017  |i snkKSF 5708/57  |8 5  |3 rekatalogizácia  |0 0  |1 0  |4 0  |d 2007-03-15  |f 1  |l 0  |r 2026-02-24 03:19:23  |w 2026-02-24